Igneous, Metamorphic, or Sedimentary? - Statistics

General Stats
  • This quiz has been taken 86 times
  • The average score is 11 of 15
Answer Stats
Question Answer % Correct
Sandstone Sedimentary
97%
Granite Igneous
88%
Limestone Sedimentary
85%
Diorite Igneous
82%
Andesite Igneous
79%
Schist Metamorphic
79%
Rhyolite Igneous
76%
Gabbro Igneous
76%
Gneiss Metamorphic
76%
Marble Metamorphic
73%
Shale Sedimentary
73%
Conglomerate Sedimentary
73%
Slate Metamorphic
64%
Quartzite Metamorphic
55%
Dolostone Sedimentary
55%
No matching quizzes found
Score Distribution
Percent of People with Each Score
Percentile by Number Answered
Your Score History
You have not taken this quiz